000 00318nam a2200133Ia 4500
005 20260328104246.0
008 260328s9999||||xx |||||||||||||| ||und||
100 _aLefort, Paul
245 0 _aHistoria de la Pintura EspaƱola /
_cPaul Lefort
260 _bPegaso
300 _a253 p.
650 _aARTE
942 _cBK
999 _c10074
_d10074